| 000 | 00590cam a22002053a 4500 | ||
|---|---|---|---|
| 001 | 42138 | ||
| 003 | PGUSA | ||
| 005 | 20140828083942.0 | ||
| 008 | 130220s2013||||xxu|||||s|||||000 | eng d | ||
| 040 |
_aPGUSA _beng |
||
| 042 | _adc | ||
| 100 | 1 |
_aGibbs, George, _d1870-1942 |
|
| 245 | 1 | 0 |
_aPike and Cutlass : _bHero Tales of Our Navy _h[electronic resource] / _cGeorge Gibbs |
| 260 |
_bProject Gutenberg, _c2013 |
||
| 506 | _aPublic domain in the USA. | ||
| 516 | _aElectronic text | ||
| 830 | 0 |
_aProject Gutenberg _v42138 |
|
| 856 | 4 | 0 | _uhttp://www.gutenberg.org/ebooks/42138 |
| 942 | _cEB | ||
| 999 |
_c271390 _d271390 |
||